000 00536cam a2200193 a 4500
001 14165609
005 20240129045536.0
008 051108s2005 ce a b 000 0 eng
020 _a955126603X
040 _aDLC
_cDLC
_dDLC
082 _222
_a305.8.
_bMIC.
100 1 _aRoberts, Michael,
245 1 0 _aNarrating Tamil nationalism :
_bsubjectivities & issues /
_cMichael Roberts.
260 _aColombo :
_bVijitha Yapa Publications,
_c2005
300 _a52 p. :
650 0 _aTamil (Indic people)
650 0 _aNationalism
942 _cL
999 _c208
_d208